000 00305nam a22001337a 4500
008 180111b xxu||||| |||| 00| 0 eng d
020 _a044222129637
041 _aeng
080 _a37
100 _a46
101 _aEDU
245 _aMonth by month phinics for second grade
_cHall,D.P
942 _2udc
_cBK
999 _c40077
_d40077